الاوامر والمكاتبات الصادرة من عزيز مصر محمد على / (Record no. 59961)
[ view plain ]
| 000 -الفاتح | |
|---|---|
| حقل البيانات ثابتة الطول | 01351nam a2200313 4500 |
| 005 - وقت وتاريخ اخر تعامل مع التسجيلة | |
| رقم الضبط | 20240530110345.0 |
| 008 - عناصر البيانات ثابتة الطول - معلومات عامة | |
| حقل البيانات ثابتة الطول | 141203s2010 ua fr 000 0 ara d |
| 017 ## - رقم الايداع القانونى | |
| رقم الايداع القانونى | 2537/2010 |
| المصدر ( الهيئة المختصة) | مصر . دار الكتب المصرية |
| 020 ## - الرقم الدولى المعيارى للكتب | |
| الرقم الدولى المعيارى للكتاب | 9771806955 |
| 040 ## - مصدر الفهرسة | |
| وكالة الفهرسة الأصلية | EG-CaGPL |
| 041 0# - رمز اللغة | |
| رمز لغة النص/ المسارات الصوتية أو العنوان الانفرادي | ara |
| 082 04 - رقم تصنيف ديوى العشرى | |
| رقم الطبعة | 21 |
| رقم التصنيف | 962.031/ |
| رقم المادة | ق/ر أ |
| 100 0# - المدخل الرئيسى - إسم شخصى | |
| الإسم الشخصى | رءوف عباس حامد |
| 245 12 - بيان العنوان | |
| العنوان | الاوامر والمكاتبات الصادرة من عزيز مصر محمد على / |
| بيان المسئوليه,etc | اشراف رءوف عباس حامد ؛ تحقيق امنية عامر ... [ واخ ] |
| رقم الجزء/قسم العمل | 2 مج |
| 260 ## - PUBLICATION, DISTRIBUTION, ETC. (IMPRINT) | |
| تاريخ النشر أو التوزيع | 2010 |
| 300 ## - الوصف المادى | |
| التعداد | 2 مج ؛ |
| أبعاد الوعاء | 28 سم |
| 600 04 - المدخل الاضافى بالموضوع-اسم شخصى | |
| الإسم الشخصى | محمد على باشا |
| 651 04 - المدخل الاضافى بالموضوع - اسم جغرافى | |
| الاسم الجغرافي | مصر |
| التقسيم الفرعي العام | تاريخ |
| التقسيم الفرعي الزمني | محمد على 1805 -1849 م |
| 651 04 - المدخل الاضافى بالموضوع - اسم جغرافى | |
| الاسم الجغرافي | مصر |
| التقسيم الفرعي العام | تاريخ |
| التقسيم الفرعي الزمني | العصر الحديث |
| 700 0# - المدخل الاضافى - اسم شخصى | |
| الإسم الشخصى | رءوف عباس حامد |
| الدور | مشرف |
| 700 0# - المدخل الاضافى - اسم شخصى | |
| الإسم الشخصى | امنية عامر |
| الدور | محقق |
| 700 0# - المدخل الاضافى - اسم شخصى | |
| الإسم الشخصى | عماد هلال |
| الدور | محقق مشارك |
| 700 0# - المدخل الاضافى - اسم شخصى | |
| الإسم الشخصى | عماد ابو غازى |
| الدور | محقق مشارك |
| 700 0# - المدخل الاضافى - اسم شخصى | |
| الإسم الشخصى | مجدى جرجس |
| الدور | محقق مشارك |
| 700 0# - المدخل الاضافى - اسم شخصى | |
| الإسم الشخصى | ناصر ابراهيم |
| الدور | محقق مشارك |
| 700 0# - المدخل الاضافى - اسم شخصى | |
| الإسم الشخصى | يحيى محمد |
| الدور | محقق مشارك |
| 942 ## - عناصر المدخل الإضافي( كوها) | |
| مصدر التصنيف او مخطط الترفيف | Dewey Decimal Classification |
| Koha [default] item type | كتاب |
| 260 ## - PUBLICATION, DISTRIBUTION, ETC. (IMPRINT) | |
| -- | القاهرة : |
| -- | مطبعة دار الكتب والوثائق القومية بالقاهرة ، |
| حالة التراجع | حالة الفقد | حالة تلف | ليس للاعارة | المكان المؤقت | الموقع الحالى | تاريخ الاكتساب | اجمالي اﻻعارات | رقم الطلب | الباركود | تاريخ اخر مشاهدة | تاريخ تفعيل السعر | نوع وعاء كوها |
|---|---|---|---|---|---|---|---|---|---|---|---|---|
| مكتبة القاهرة الكبرى | مكتبة القاهرة الكبرى | 12/03/2014 | 962.031/ ق/ر أ | 158927 | 12/03/2014 | 12/03/2014 | كتاب |

